Hard numbers (Record no. 83055)

MARC details
000 -LEADER
fixed length control field 01001cab a22001935a 4500
001 - CONTROL NUMBER
control field L152674
008 - FIXED-LENGTH DATA ELEMENTS--GENERAL INFORMATION
fixed length control field 110412e20110408xxk 000 0 eng d
035 ## - SYSTEM CONTROL NUMBER
System control number (Sirsi) u152674
041 0# - LANGUAGE CODE
Language code of text/sound track or separate title eng
100 1# - MAIN ENTRY--PERSONAL NAME
Personal name O'Sullivan, Barry
245 00 - TITLE STATEMENT
Title Hard numbers
260 ## - PUBLICATION, DISTRIBUTION, ETC.
Date of publication, distribution, etc. 2011
490 ## - SERIES STATEMENT
Series statement Building
Volume/sequential designation 276 (8673) 8 April 2011, 22-23(2)
520 ## - SUMMARY, ETC.
Summary, etc. Public sector clients are being forced to cut costs dramatically; looks at how they are doing this by referring to results of a survey by Constructionline; includes reponses to the questions Which methods you will employ to deliver savings to your construction budget over the next six months? and Since the Comprehensive Spending Review how has your organisation changed the way it tenders for contruction work? Discusses how public clients will cut budgets in the next 6 months in the council, housing association and health sectors.
590 ## - LOCAL NOTE (RLIN)
Local note KA
651 #4 - SUBJECT ADDED ENTRY--GEOGRAPHIC NAME
Geographic name United Kingdom
Chronological subdivision
690 ## - LOCAL SUBJECT ADDED ENTRY--TOPICAL TERM (OCLC, RLIN)
Topical term or geographic name as entry element BUILT ENVIRONMENT-CONSTRUCTION MARKET
942 ## - ADDED ENTRY ELEMENTS (KOHA)
Suppress in OPAC 0
Holdings
Withdrawn status Lost status Source of classification or shelving scheme Damaged status Not for loan Home library Current library Shelving location Date acquired Total Checkouts Full call number Barcode Date last seen Copy number Price effective from Koha item type
    Dewey Decimal Classification     London London Journal article 12/04/2011   L152674 152674-1001 06/08/2019 1 06/08/2019 Journal article